[Event "12th SRB-ch Women 2018"]
[Site "Kragujevac"]
[Date "2018.03.18"]
[Round "2"]
[White "Velikic, Adela"]
[Black "Milosevic, Jovana"]
[Result "1/2-1/2"]
[WhiteElo "2293"]
[BlackElo "2109"]
[Annotator "TA"]
[PlyCount "194"]
[EventDate "2018.??.??"]
[EventType "tourn"]
[EventCountry "SRB"]
[SourceTitle "playchess.com"]
[Source "ChessBase"]
[SourceQuality "1"]

{[%evp 26,194,36,37,37,27,31,21,22,28,32,0,0,0,0,0,0,0,0,-85,-71,-91,-79,-79,-86,-139,-133,-133,-133,-133,-133,-133,-126,-126,-103,-170,-170,-170,-170,-170,-170,-163,-151,-184,-171,-239,-205,-240,-224,-241,-124,-242,-206,-242,-116,-225,-242,-237,-212,-427,-390,-345,-311,-455,-331,-511,-510,-485,-469,-461,-395,-541,-526,-1020,-973,-1013,-870,-870,-870,-1834,-1517,-8218,-4639,-12465,-2596,-6520,-8414,-12830,-9762,-2603,-12828,-2600,-1364,-2771,-2764,-2720,-2785,-2717,-2139,-1738,-2067,-1705,-1468,-1517,-1443,-1300,-1485,-1508,-1057,-1045,0,-889,-281,-290,0,-1179,0,-1047,0,-687,0,-1878,0,-1582,0,-1738,0,-1574,0,-1700,-1613,-1610,-1404,-1495,-1498,-1274,-1197,-850,-687,-643,-529,-512,-181,-181,-181,-181,-181,-181,-181,-181,-181,-181,-181,-181,-181,-181,-181,-181,-195,-202,-63,-63,-63,-68,-131,-193,-57,-43,-22,-174,0]} 1. d4 d5 2. c4 c6 3. Nf3 Nf6 4. Nbd2 e6 5. e3 Nbd7 6. Bd3 Bd6 7. O-O O-O 8. e4 dxe4 9. Nxe4 Nxe4 10. Bxe4 Nf6 11. Bc2 h6 12. Qe2 c5 {D46: Semi-Slav: 5 e3 Nbd7 6 Bd3, Black avoids the Meran} 13. dxc5 Bxc5 14. Bf4 {LiveBook: 3 Games} b6 {White is slightly better.} 15. Rad1 Qe7 $1 16. a3 {Strongly threatening b4.} a5 $1 17. Nd4 Bb7 18. Rfe1 $146 ({Predecessor:} 18. Nb5 Bc6 19. Be5 Rfd8 20. Kh1 Rxd1 21. Rxd1 {1-0 (49) Arkhangelsky,B (2380)-Wuppinger,A Vienna 1996}) 18... Rfd8 19. Be5 Rac8 20. Nb5 Rxd1 21. Rxd1 Rd8 22. Bc7 (22. Rxd8+ $11 Qxd8 23. Bc3) 22... Rxd1+ $17 23. Qxd1 Ne4 $36 {[%mdl 2048] Black has strong initiative.} 24. Bxe4 Bxe4 25. Qd8+ (25. Qd2 $142) 25... Qxd8 26. Bxd8 {[%mdl 4096] Endgame KBB-KBN} Bd3 27. Nc3 {intending Na4.} Bc2 $1 ({Resist} 27... Bxc4 28. Na4 $15) 28. Bc7 Kf8 29. Nb5 Ke7 30. Be5 (30. b4 $17 axb4 31. axb4 Bxb4 32. Nd4) 30... f6 $19 {[%cal Bf7f6,Bf6f5][%mdl 32]} 31. Bd4 Bb3 32. Bxc5+ bxc5 {KB-KN} 33. Nc3 f5 ({Don't do} 33... Bxc4 34. Ne4 $15) 34. f3 Bxc4 35. Kf2 (35. f4 $142) 35... Kd6 36. Ke3 e5 37. g3 Kc6 (37... g5 $19 38. Kf2 Be6 39. Nb5+ Kc6) 38. Nb1 (38. f4 $17 {was necessary.}) 38... Bd5 39. Nc3 Be6 (39... g5 $19 {and Black stays clearly on top.} 40. Kf2 Be6) 40. Kd3 (40. f4 $17 {keeps fighting.}) 40... g5 {[%cal Bg7g5,Bg5g4][%mdl 32]} 41. Ke3 Bd5 42. f4 $2 (42. Kf2) 42... exf4+ 43. gxf4 g4 44. Kf2 (44. Ne2 $142) 44... c4 45. Ke3 (45. Ne2 {might work better.} Kc5 46. Ke3) 45... h5 {[%cal Bh6h5,Bh5h4,Bh4g3,Bg3g2][%mdl 32]} 46. Ne2 Be6 47. Kd4 Kd6 48. Ng3 h4 49. Nf1 Kc6 50. Ke5 Bc8 51. Kd4 Kb5 52. Nd2 g3 53. hxg3 hxg3 54. Nf3 Bb7 55. Ng1 g2 56. Ne2 Bf3 57. Ng1 Bg4 58. Kd5 Bd1 59. Kd4 Bc2 60. Ne2 Bd3 61. Ng1 Kc6 62. Nf3 Kd6 63. Ng1 Ke6 64. Nf3 Kf6 65. Ke3 Be4 66. Ng1 Kg6 67. Kf2 Kf6 68. Ke3 $1 {[#]} Ke6 $2 (68... c3 $1 {[%mdl 512]} 69. bxc3 Ke6) 69. Kd4 {[#]} Bd3 $2 (69... c3 $1 {[%mdl 512]} 70. bxc3 Kd6) 70. Nf3 $1 Kd6 71. Ng1 $1 Kc6 $2 (71... Bf1 $19 {White must now prevent ...Kc6.} 72. Nh3 Kc6) 72. Nh3 $2 {[%mdl 8192]} (72. Nf3 $11 Kb6 73. Ng1) 72... Kb5 (72... Kb6 $142 73. Ng1 Kb5) 73. Ng1 $1 Bc2 74. Ne2 $1 Bd1 75. Ng1 Bg4 76. Kd5 $1 Bd1 77. Kd4 Bh5 78. Nh3 Bg4 79. Ng1 Bd1 80. Nh3 Be2 81. Ng1 Bd3 82. Nf3 Be4 83. Ng1 a4 $2 (83... Ba8 84. Ne2 Bf3) 84. Ne2 Bf3 85. Ng1 Bb7 86. Nh3 Ba6 87. Ng1 Kc6 88. Nf3 Kd6 89. Ng1 Ke6 90. Nf3 Kf6 91. Ke3 Bb7 {( -> ...Bxf3)} 92. Ng1 Kg6 ({Black should play} 92... Be4 $19 93. Kf2 Kg6) 93. Kf2 $1 $15 Kh5 94. Kg3 $1 Be4 95. Nh3 (95. Ne2 $17) 95... Bc2 (95... Kh6 $19 96. Ng1 Bd5) 96. Ng1 $1 Bd1 97. Nh3 $2 {[#]} (97. Kh3 $1 $11 {and White has nothing to worry.}) 97... Bc2 $2 {Precision: White = 52%, Black = 53%.} (97... Be2 $1 $19 98. Ng1 Bf1) 1/2-1/2

[Event "12th SRB-ch Women 2018"]
[Site "Kragujevac"]
[Date "2018.03.18"]
[Round "2"]
[White "Injac, Teodora"]
[Black "Benderac, Ana"]
[Result "1/2-1/2"]
[WhiteElo "2291"]
[BlackElo "2226"]
[Annotator "TA"]
[PlyCount "101"]
[EventDate "2018.??.??"]
[EventType "tourn"]
[EventCountry "SRB"]
[SourceTitle "playchess.com"]
[Source "ChessBase"]
[SourceQuality "1"]

{[%evp 22,101,78,68,87,41,47,47,52,56,40,38,81,40,113,76,117,103,143,137,175,42,41,1,19,12,39,-15,49,31,58,67,64,31,97,86,91,91,99,96,93,54,165,37,41,43,43,43,44,58,53,52,48,46,81,83,86,83,88,47,82,46,46,46,46,41,36,1,0,0,54,77,233,216,458,0,0,0,0,0,0,0]} 1. Nf3 Nf6 2. c4 e6 3. g3 b6 4. Bg2 Bb7 5. O-O c5 6. b3 Be7 7. Bb2 O-O 8. e3 Qc7 {A30: Symmetrical English: Double Fianchetto and Hedgehog} (8... d6 9. Qe2 Nbd7 10. Nc3 Ne4 11. Nxe4 Bxe4 12. d3 Bb7 13. e4 a6 14. d4 cxd4 15. Nxd4 Qc7 16. Nc2 Rfe8 17. Ne3 Bf6 18. Rfd1 Red8 19. Rac1 Rac8 20. Ba3 Be7 {0-1 (66) Rakhmanov,A (2669)-Georgiev,K (2631) Banja Vrujci 2017}) 9. Nc3 a6 10. d4 d6 11. d5 exd5 12. cxd5 {LiveBook: 4 Games} Re8 13. Nh4 b5 14. e4 $146 ({Predecessor:} 14. Nf5 Bf8 15. Ne2 Nbd7 16. b4 c4 17. a4 g6 18. Nfd4 Bxd5 19. Bxd5 Nxd5 20. axb5 Nxb4 21. bxa6 {0-1 (46) Mihic,B (2389)-Spiric,I (2285) Belgrade 2015}) 14... Bf8 15. Re1 Nbd7 16. f4 Nb6 17. Rc1 Rad8 ({Black should play} 17... g6 $14) 18. Nb1 Nfd7 19. Qg4 {[#] Bxg7 is the strong threat.} f6 20. Nf5 Kh8 21. Nd4 (21. Ne3 $18) 21... Nxd5 $1 $14 22. Ne6 Rxe6 $1 23. Qxe6 Nb4 24. Rcd1 (24. Qf7 $14) 24... Nb6 ({Better is} 24... c4 $11) 25. Qg4 Bc8 26. Qe2 $36 {[%mdl 2048] White has good play.} c4 27. Bd4 Nd3 (27... d5 $14) 28. Qe3 Nd7 29. Re2 N7c5 30. Nc3 Qf7 31. b4 Bg4 ({Black should try} 31... Re8 $14) 32. Bf3 (32. bxc5 $18 {And now c6 would win.} dxc5 33. Bxc5) 32... Bxf3 33. Qxf3 Ne6 34. Rxd3 cxd3 35. Qxd3 Nxd4 36. Qxd4 Rc8 37. Nd5 Qb7 38. Kg2 Rc4 39. Qd3 Qc6 40. f5 Kg8 41. Kh3 Qe8 42. a3 Qe5 43. Qf3 Qa1 44. Re3 Rc2 45. Re2 Rxe2 (45... Rc4 $11) 46. Qxe2 Qxa3 $2 {[#]} (46... g6 $16 {was worth a try.}) 47. Qh5 $1 $18 {[%cal Rh5e8] Threatening mate with Qe8.} Qa1 $2 (47... Qc1 48. Qe8 Qh6+ 49. Kg4 g6) 48. Ne7+ $2 (48. Qe8 $18 {White threatens Ne7+ and mate.} Qe5 49. Qe6+ Qxe6 50. fxe6) 48... Bxe7 $11 {The position is equal.} 49. Qe8+ Bf8 50. Qe6+ Kh8 51. Qf7 {Precision: White = 41%, Black = 43%.} 1/2-1/2

[Event "12th SRB-ch Women 2018"]
[Site "Kragujevac"]
[Date "2018.03.18"]
[Round "2"]
[White "Chelushkina, Irina"]
[Black "Blagojevic, Tijana"]
[Result "1-0"]
[WhiteElo "2261"]
[BlackElo "2249"]
[Annotator "TA"]
[PlyCount "123"]
[EventDate "2018.??.??"]
[EventType "tourn"]
[EventCountry "SRB"]
[SourceTitle "playchess.com"]
[Source "ChessBase"]
[SourceQuality "1"]

{[%evp 20,123,0,-14,-7,-6,0,-1,-2,-19,0,-28,-21,-41,-42,-58,-51,-63,-58,-89,-100,-105,-103,-113,0,-6,172,172,179,0,293,289,275,265,327,233,362,329,335,306,356,344,336,252,262,250,277,267,298,302,347,283,402,394,371,272,273,252,252,248,240,251,247,239,236,224,216,219,252,212,243,217,279,275,347,347,345,344,336,336,422,414,614,614,11721,11695,29948,29957,29963,29964,29966,12613,29979,5379,4930,0,3839,2103,29986,29987,29988,29984,29991,29989,29989,29987]} 1. g3 e5 2. c4 Nf6 3. Bg2 d5 4. cxd5 Nxd5 5. Nc3 Nb6 6. Nf3 {[%cal Bg1f3,Bf3d2,Bd2c4][%mdl 32]} Nc6 7. O-O Be7 8. d3 O-O 9. Be3 Bg4 10. a4 a5 11. Nd2 {LiveBook: 6 Games. A29: English Opening: Four Knights Variation with 4 g3} Be6 $146 ({Find the theoretical novelty and annotate with similar games:} 11... Rb8 12. Bxb6 cxb6 13. Nc4 Be6 14. Bxc6 Bxc4 15. Bb5 Be6 16. Bc4 Bg4 17. Qb3 Bb4 18. Rfc1 h5 {0-1 (33) Malakhatko,V (2603)-Mikhalevski,V (2584) Calvia 2007}) 12. Bxb6 cxb6 13. Nc4 {The position is equal.} f6 14. b3 Bc5 15. Rb1 Rc8 16. Ne4 Bb4 17. f4 exf4 18. gxf4 Ne7 19. Ng3 Nd5 20. Bxd5 Qxd5 21. f5 Bc5+ (21... b5 $17 22. axb5 Bf7) 22. e3 $11 Bd7 $2 {[#]} (22... b5 $11 23. axb5 Bf7) 23. d4 $1 $36 {[%cal Rd4c5][%mdl 2048] White is on the roll.} Bc6 {[%csl Gc6][%cal Rd5g2]} 24. Rf2 $2 ({Better is} 24. Qe2 $18) 24... b5 $2 {[%mdl 8192]} (24... Rcd8 $1 $11 {and Black stays safe.}) 25. axb5 ({Not} 25. Nxa5 Bb4 $14) 25... Bxb5 26. dxc5 Qxc5 27. Qd6 a4 (27... Bxc4 {was called for.} 28. Qxc5 Rxc5) 28. Ne4 Qc6 29. Qe6+ Kh8 30. Ned6 Rc7 31. Nxb5 Qxb5 32. Qb6 Qxb6 33. Nxb6 axb3 34. Rxb3 Rd8 35. Ra2 Rd1+ (35... g6 $142 36. Rb5 Re7) 36. Kg2 {[#] Intending Ra8+ and mate.} g6 37. fxg6 hxg6 38. Ra8+ Kg7 39. Rc8 Re7 40. Rbc3 Kh6 41. Rh8+ Kg7 42. Rh4 Rd2+ 43. Kg3 g5 44. Rhc4 Kg6 45. h4 Re6 46. Rb3 f5 47. hxg5 Kxg5 48. Rf4 Rd1 49. Nc4 Rd7 50. Rb5 Rf7 (50... Rf6 $142 51. Ne5 Rg7) 51. e4 {[%cal Be3e4,Be4f5][%mdl 32]} Kh6 52. exf5 Re1 53. Ne5 Rc7 54. Rb6+ Kg7 55. Nf3 (55. f6+ $142 Kf8 56. Rh4 Rxe5 57. Rh8+ Kf7 58. Rh7+ Kg6 59. Rxc7 Rg5+ 60. Kf3 Rf5+ 61. Ke4) 55... Re3 56. Kf2 (56. f6+ $142 Kf8 57. Kg4 Rd7 58. Rfb4 Rd1 59. Rxb7 Rxf3 60. Kxf3 Rf1+ 61. Kg3 Rxf6 62. Rf4) 56... Ra3 57. Kg3 $2 ({Only move:} 57. f6+ $18 Kf8 58. Rd6) 57... Kf8 $2 {[%mdl 8192]} (57... Re3 $11 58. Kg4 Rd7) 58. f6 Kf7 59. Kg4 {White mates.} Kf8 60. Rd6 Ra1 61. Rd8+ Kf7 62. Kf5 {Precision: White = 64%, Black = 25%.} 1-0

[Event "12th SRB-ch Women 2018"]
[Site "Kragujevac"]
[Date "2018.03.18"]
[Round "2"]
[White "Zarkovic, Mila"]
[Black "Djukic, Sandra"]
[Result "0-1"]
[WhiteElo "2219"]
[BlackElo "2174"]
[Annotator "TA"]
[PlyCount "80"]
[EventDate "2018.??.??"]
[EventType "tourn"]
[EventCountry "SRB"]
[SourceTitle "playchess.com"]
[Source "ChessBase"]
[SourceQuality "1"]

{[%evp 18,80,-8,-13,-11,-11,-14,-14,-18,-21,-10,-18,-10,-51,-60,-60,-64,-63,0,0,40,50,59,37,52,-113,-132,-119,-89,-95,-105,-101,0,-46,-15,-79,-69,-404,-393,-450,-446,-431,-365,-550,-527,-547,-554,-570,-547,-595,-396,-526,0,-581,-585,-698,-701,-677,-597,-716,-537,-596,-583,-588,-570]} 1. e4 e6 2. d4 d5 3. Nc3 Bb4 4. a3 Bxc3+ 5. bxc3 dxe4 6. Qg4 Nf6 7. Qxg7 Rg8 8. Qh6 Rg6 9. Qd2 Nc6 10. Ne2 {LiveBook: 6 Games. C15: French: 3 Nc3 Bb4: Unusual White 4th moves} b6 11. c4 Bb7 12. d5 $146 {The position is equal.} ({Predecessor:} 12. Bb2 Qd6 13. h3 O-O-O 14. O-O-O Ne7 15. Qf4 h5 16. Rg1 Ba6 17. Qe5 Qxe5 18. dxe5 {½-½ (54) Nepomniachtchi,I (2717)-Rapport,R (2693) Biel 2013}) 12... exd5 {And now ...d4 would win.} 13. Nf4 {[%cal Rc4d5]} d4 {Threatens to win with ...Rg8.} 14. Nxg6 fxg6 15. Qh6 Qe7 {[%mdl 1024] Black has compensation.} 16. Bg5 O-O-O 17. Qh4 $1 Rf8 ({Black should try} 17... Rd6 $1 $15 18. O-O-O Ne5) 18. Be2 $11 Kb8 {...d3 is the strong threat.} (18... Ne5 {feels hotter.} 19. O-O Qe6 20. a4 a5 21. c5 bxc5 22. Rab1 d3) 19. O-O $36 {[%mdl 2048] Black is under pressure.} h5 20. Rfe1 Ne5 21. Bd3 $2 (21. Rad1 $14 {keeps the upper hand.}) 21... exd3 $17 22. Qxd4 Nc6 ({Weaker is} 22... dxc2 23. Rxe5 Qf7 24. f3 $16) 23. Rxe7 Nxd4 24. cxd3 Ng4 (24... Bc8 $17) 25. f3 Rf5 {aiming for ...Bxf3.} (25... Bxf3 $5 26. h3 Bxg2 $1 {[%mdl 512]} 27. hxg4 Bc6 $11) 26. h4 {[#]} (26. f4 $1 $11 {remains equal.}) 26... Ne5 $1 {[%cal Re5f3]} 27. Rd1 $2 {[%mdl 8192] [#]} (27. Kf2 $1 $15) 27... Nexf3+ $1 {[%mdl 512]} 28. Kh1 {intending Re8+.} (28. gxf3 Nxf3+) 28... Nxg5 29. hxg5 Bc6 {Hoping for ...Rf2.} 30. Rd2 (30. Re4 $142 Ba4 31. Rd2) 30... Rxg5 $19 31. Kh2 Rg4 32. Rf2 Nf5 33. Rf7 Ne3 34. Rg7 Nf5 35. Rf7 $1 Kb7 {Black is clearly winning.} 36. Rh7 Rd4 37. Rd2 a5 38. Rh8 Rh4+ 39. Kg1 Rg4 40. Rf2 Ne3 {Precision: White = 26%, Black = 71%.} 0-1

[Event "12th SRB-ch Women 2018"]
[Site "Kragujevac"]
[Date "2018.03.19"]
[Round "3"]
[White "Eric, Jovana"]
[Black "Velikic, Adela"]
[Result "0-1"]
[WhiteElo "2265"]
[BlackElo "2293"]
[Annotator "TA"]
[PlyCount "54"]
[EventDate "2018.??.??"]
[EventType "tourn"]
[EventCountry "SRB"]
[SourceTitle "playchess.com"]
[Source "ChessBase"]
[SourceQuality "1"]

{[%evp 12,54,12,-10,0,-10,-7,-9,-6,-29,-11,-42,-27,-34,-15,-104,-18,-33,0,-31,-15,-91,-19,-97,-106,-145,-150,-329,-204,-378,-366,-354,-360,-444,-446,-1246,-1258,-1280,-552,-1339,-1328,-29991,-29992,-29992,-29993]} 1. e4 c5 2. Nc3 e6 3. f4 a6 4. Nf3 Nc6 5. d3 d5 6. g3 Nf6 7. e5 {LiveBook: 24 Games. B23: Closed Sicilian: Lines without g3} (7. Bg2 d4 8. Nb1 Be7 9. O-O O-O 10. h3 b5 11. a4 Rb8 12. axb5 axb5 13. Na3 Qb6 14. Kh2 Rd8 15. Qe1 {1-0 (45) Jones,G (2624)-Tregubov,P (2602) Bastia 2011}) 7... Ng8 {[%cal Bf6g8,Bg8h6,Bh6f5][%mdl 32]} 8. Bg2 h5 9. Ne2 {The position is equal.} Nh6 10. O-O Nf5 11. h3 b5 12. c3 $146 ({Predecessor:} 12. Kh2 Bb7 13. d4 Qb6 14. c3 a5 {0-1 (35) Guliyeva,S (2020)-Shanava,K (2519) Baku 2008}) 12... Bb7 13. Qe1 {[#]} (13. d4 $11) 13... Be7 (13... d4 $1 $17 14. Qd1 dxc3 15. bxc3 Na5) 14. Qf2 Qb6 15. Bd2 d4 16. Rac1 (16. cxd4 $11 Rc8 17. d5 exd5 18. Rac1) 16... Rd8 (16... dxc3 $17 17. Bxc3 Rd8) 17. Ne1 (17. cxd4 $11 {remains equal.} cxd4 18. a3) 17... c4 $17 18. cxd4 Ncxd4 19. Kh2 $2 (19. Nxd4 $17 {was forced.} Bc5 20. Nec2 (20. Bxb7 $2 Bxd4 21. Bf3 Nxg3 $19) 20... Rxd4 21. Bb4 Bxb4 22. Nxb4) 19... Bxg2 20. Qxg2 $2 (20. Nxg2 Bc5 21. Nxd4) 20... Nxe2 $19 21. Qxe2 h4 22. gxh4 Bxh4 23. Rg1 (23. Rf3 $142 Nd4 24. Qg2 Bxe1 25. Rxe1 Nxf3+ 26. Qxf3) 23... Bxe1 24. Bxe1 Rxd3 (24... Rxh3+ $142 25. Kxh3 Qxg1) 25. Bg3 Qd4 26. Rc2 {[#]} Rxh3+ $1 {[%mdl 512]} 27. Kxh3 Qxg1 {Precision: White =  9%, Black = 37%.} 0-1

[Event "12th SRB-ch Women 2018"]
[Site "Kragujevac"]
[Date "2018.03.19"]
[Round "3"]
[White "Blagojevic, Tijana"]
[Black "Zarkovic, Mila"]
[Result "1/2-1/2"]
[WhiteElo "2249"]
[BlackElo "2219"]
[Annotator "NA"]
[PlyCount "35"]
[EventDate "2018.??.??"]
[EventType "tourn"]
[EventCountry "SRB"]
[SourceTitle "playchess.com"]
[Source "ChessBase"]
[SourceQuality "1"]
[TimeControl "40/5400+30:1800+30"]

1. e4 {[%emt 0:00:00]} c5 {[%emt 0:00:01]} 2. Nf3 {[%emt 0:00:00]} e6 {[%emt 0:00:03]} 3. d4 {[%emt 0:00:00]} cxd4 {[%emt 0:00:04]} 4. Nxd4 {[%emt 0:00:00]} d6 {[%emt 0:00:06]} 5. g3 {[%emt 0:00:00]} Nf6 {[%emt 0:00:06]} 6. Bg2 {[%emt 0:00:00]} Be7 {[%emt 0:00:05]} 7. O-O {[%emt 0:00:01]} O-O {[%emt 0:00:06]} 8. Nc3 {[%emt 0:00:10]} a6 {[%emt 0:00:06]} 9. Be3 {[%emt 0:00:06]} Nc6 {[%emt 0:00:06]} 10. f4 {[%emt 0:00:07]} Nxd4 {[%emt 0:00:04]} 11. Bxd4 {[%emt 0:00:03]} e5 {[%emt 0:00:13]} 12. fxe5 {[%emt 0:00:02]} dxe5 {[%emt 0:00:11]} 13. Be3 {[%emt 0:00:15]} Be6 {[%emt 0:00:05]} 14. Qxd8 {[%emt 0:00:06]} Raxd8 {[%emt 0:00:05]} 15. Rad1 {[%emt 0:00:06]} Rxd1 {[%emt 0:00:04]} 16. Rxd1 {[%emt 0:00:03]} Rd8 {[%emt 0:00:04]} 17. Rxd8+ {[%emt 0:00:02]} Bxd8 {[%emt 0:00:06]} 18. Nd5 {[%emt 0:00:03]} 1/2-1/2

[Event "12th SRB-ch Women 2018"]
[Site "Kragujevac"]
[Date "2018.03.19"]
[Round "3"]
[White "Djukic, Sandra"]
[Black "Gajcin, Marina"]
[Result "0-1"]
[WhiteElo "2174"]
[BlackElo "2295"]
[Annotator "TA"]
[PlyCount "82"]
[EventDate "2018.??.??"]
[EventType "tourn"]
[EventCountry "SRB"]
[SourceTitle "playchess.com"]
[Source "ChessBase"]
[SourceQuality "1"]

{[%evp 18,82,0,0,37,19,20,33,15,-91,-91,-95,-105,-140,-127,-138,-121,-119,-111,-108,-91,-76,-71,-110,-94,-143,-112,-114,-112,-270,-81,-112,-112,-112,-112,-146,-112,-128,-112,-146,-120,-163,-163,-163,-163,-163,-163,-325,-318,-434,-415,-406,-391,-678,-680,-668,-653,-716,-703,-775,-789,-954,-887,-1209,-1123,-1143,-1064]} 1. d4 Nf6 2. c4 e6 3. Nf3 c5 4. d5 exd5 5. cxd5 d6 6. Nc3 g6 7. Bf4 a6 8. Nd2 b5 {A61: Modern Benoni: Nf3 without early e4} (8... Nbd7 9. a4 Nh5 10. Be3 Bg7 11. g4 Nhf6 12. h3 h5 13. g5 Nh7 14. Nce4 O-O 15. Nc4 Nb6 16. Ncxd6 Bxb2 {1-0 (50) Ponkratov,P (2613)-Pantsulaia,L (2612) Riadh 2017}) 9. a4 b4 10. Nce4 {LiveBook: 25 Games} h6 {The position is equal.} 11. Nxf6+ Qxf6 12. e3 Qxb2 $146 ({Predecessor:} 12... g5 13. Bg3 Qxb2 14. Ne4 Bg7 15. Rc1 O-O 16. Be2 {½-½ (44) Czakon,J (2438)-Jasik,K (2331) Krakow 2004}) 13. Ne4 (13. Rc1 $11) 13... Bf5 $1 $17 {[%cal Rf5e4]} 14. Rb1 Qg7 $1 15. Qf3 Kd8 16. Be2 Bxe4 17. Qxe4 Qc3+ 18. Kf1 Nd7 19. g4 Nf6 20. Qf3 Qc2 $1 {[%cal Rc2b1] [#]} 21. Bg5 $1 {[%mdl 512]} hxg5 (21... Qxb1+ $2 {perishes.} 22. Kg2 $18) 22. Qxf6+ Ke8 23. Kg2 $2 (23. Rb2 $17 Qe4 24. f3) 23... Qe4+ $2 (23... Qxe2 $19 {and Black stays clearly on top.} 24. Qxh8 Qxg4+ 25. Kf1 Qe4) 24. f3 {[#]} Qe5 $1 {[%cal Re5f6]} ({Not} 24... Qxe3 $2 {[#]} 25. Bb5+ $1 {[%mdl 512]} axb5 26. Rhe1 $18) 25. Qxe5+ dxe5 26. e4 Kd7 27. Bc4 Bd6 28. Rb3 Kc7 29. h3 Kb6 30. Ra1 Ka5 31. Rh1 f5 32. exf5 $2 (32. Rbb1 {is a better defense.}) 32... gxf5 $19 33. gxf5 Rh4 34. Rc1 Rah8 35. Bf1 $2 (35. Re3 Rxh3 36. Re4) 35... Rxh3 {Black is clearly winning.} 36. Kf2 Rh2+ 37. Bg2 Kxa4 38. Rbb1 Kb5 39. Kg1 c4 40. f6 Bc5+ 41. Kf1 Rf8 {Precision: White = 30%, Black = 77%.} 0-1

[Event "12th SRB-ch Women 2018"]
[Site "Kragujevac"]
[Date "2018.03.19"]
[Round "3"]
[White "Milosevic, Jovana"]
[Black "Injac, Teodora"]
[Result "0-1"]
[WhiteElo "2109"]
[BlackElo "2291"]
[Annotator "TA"]
[PlyCount "80"]
[EventDate "2018.??.??"]
[EventType "tourn"]
[EventCountry "SRB"]
[SourceTitle "playchess.com"]
[Source "ChessBase"]
[SourceQuality "1"]

{[%evp 31,80,12,12,-40,-40,-40,-35,-43,-37,-43,-35,-43,-10,-58,-56,-95,-81,-102,-111,-90,-72,-93,-52,-114,-104,-124,-44,-105,-78,-147,-68,-111,-106,-186,-111,-392,-387,-386,-379,-791,-369,-764,-762,-754,-723,-934,-914,-1438,-1189,-29985,-5614]} 1. Nf3 Nf6 2. c4 g6 3. Nc3 Bg7 4. e4 d6 5. d4 O-O 6. Be2 Na6 7. O-O e5 8. Be3 Ng4 9. Bg5 Qe8 10. h3 h6 11. Bc1 Nf6 12. dxe5 dxe5 13. Be3 Qe7 14. Qc1 {E94: King's Indian: Classical: 6 Be2 e5 7 0-0: Various Black 7th moves} Kh7 15. Nd5 Qd8 16. Nxf6+ Qxf6 {[#] LiveBook: 15 Games} 17. b4 $146 (17. c5 $11) ({Predecessor:} 17. c5 Nb8 18. b4 a6 19. Rd1 Nc6 20. Rb1 Qe7 21. a4 f5 22. b5 axb5 23. axb5 Nd8 24. c6 b6 25. Bd2 Re8 26. Bb4 Qf6 27. Bc3 Nf7 28. exf5 gxf5 {0-1 (28) Burmakin,V (2569)-Tkachiev,V (2643) Istanbul 2003}) 17... Nxb4 $15 18. Bc5 Na6 19. Bxf8 Bxf8 20. Qc3 Bd6 {[%mdl 1024] Black has compensation.} 21. Nd2 Nc5 22. Qe3 b6 23. Bg4 Bb7 24. g3 h5 25. Bf3 Bf8 {aiming for ...Bh6.} 26. Nb3 Qe6 27. g4 (27. h4 $15) 27... hxg4 28. hxg4 Qxc4 (28... Nxe4 $1 $17 29. Rfe1 f5) 29. Nxc5 (29. Rac1 $15 Qa4 30. Qg5) 29... Bxc5 $17 30. Qg5 (30. Rfc1 $142 Qd4 31. Rxc5 Qxa1+ 32. Rc1 Qxa2 33. Rxc7) 30... Kg8 (30... Bxe4 $17 31. Qf6 Be7 32. Bxe4 Bxf6 33. Bxa8 c6) 31. Rac1 Qd3 32. Qf6 {[#]} (32. Kg2 $17 {was necessary.} Bxe4 33. Qf6) 32... Bxe4 (32... Be7 $1 $19 {[%cal Re7f6][%mdl 512]} 33. Qxe7 Qxf3 34. Qxe5 Bxe4) 33. Rc3 $2 {[%mdl 8192]} (33. Kg2 $17 {was the only chance.}) 33... Qxc3 $19 34. Bxe4 Qg3+ 35. Kh1 $2 (35. Bg2) 35... Qh3+ 36. Kg1 Qxg4+ 37. Bg2 Re8 38. Re1 e4 39. Qc6 Re6 40. Qd7 Qf4 {Precision: White = 20%, Black = 67%.} (40... Bxf2+ $142 41. Kf1 Bxe1 42. Qd8+ Kg7 43. Qd4+ Rf6+ 44. Kxe1 Qxg2 45. Kd1 e3 46. a4 Qf1+ 47. Kc2 e2 48. a5 e1=Q 49. Qd5 Qb4 50. Qxf7+ Rxf7 51. axb6 Rf2#) 0-1